Country Logic Puzzle by Scambigol #18 - Statistics

General Stats
  • This quiz has been taken 450 times
  • The average score is 21 of 24
Answers on the Map
Answers color-coded by a green-red scale on the quiz's map according to % correct below.
 
Answer Stats
Country % Correct
Oman
97%
Qatar
97%
Yemen
96%
Jordan
93%
Saudi Arabia
93%
Iran
92%
Djibouti
91%
Ethiopia
91%
Kenya
91%
China
90%
France
90%
Hungary
90%
Russia
90%
Zambia
90%
Germany
89%
Austria
88%
Ukraine
88%
Vietnam
88%
Pakistan
87%
Tanzania
87%
Laos
86%
Malawi
82%
Belarus
81%
Netherlands
79%
No matching quizzes found
Score Distribution
Percent of People with Each Score
Percentile by Number Answered
Your Score History
You have not taken this quiz